| 000 | 01040nam a2200265Ia 4500 | ||
|---|---|---|---|
| 003 | OSt | ||
| 005 | 20221005103259.0 | ||
| 006 | a|||||r|||| 00| 0 | ||
| 007 | ta | ||
| 008 | 221004b |||||||| |||| 00| 0 san d | ||
| 020 |
_a9789380462226 (hbk) _cINR 2190.00 |
||
| 024 | _a34813 | ||
| 037 |
_b135, 14/09/2017, Eastern Book Linkers _cTextual |
||
| 040 |
_aCRL _cCRL _bsan |
||
| 041 |
_2san _asan |
||
| 082 | _aO15,1A2:g, 152Q4.1-.2 | ||
| 100 |
_aथूल्ला, राजिन्द्र कुमार, ले. _9623655 |
||
| 245 | 0 | _aमहाभारत के ज्ञान मोती | |
| 246 | _aMahābhārat ke jnyān motī | ||
| 260 |
_aगाजियाबाद _bलता साहित्य सदन भारत _c2014 |
||
| 490 | _vभाग 1 | ||
| 650 | _aमहाभारत | ||
| 942 |
_hO15,1A2:g, 152Q4.1-.2 _cTEXL _2cc |
||
| 999 |
_c1009785 _d1009785 |
||